[Event "Interzonal"]
[Site "Rio de Janeiro BRA"]
[Date "1979.09.24"]
[Round "2"]
[White "Smejkal, Jan"]
[Black "Mecking, Henrique"]
[Result "1/2-1/2"]
[WhiteElo "2550"]
[BlackElo "2615"]
[EventDate "1979.09.23"]
[PlyCount "81"]

1.c4 e5 2.Nc3 Nf6 3.Nf3 Nc6 4.g3 Bb4 5.Nd5 e4 6.Nh4 O-O 7.Bg2 Bc5 8.O-O 
Re8 9.d3 exd3 10.Qxd3 Ne5 11.Qc2 c6 12.Be3 cxd5 13.Bxc5 d6 14.Bd4 dxc4 15.
Rfd1 Qe7 16.Rd2 Nc6 17.Bxf6 Qxf6 18.Qxc4 Be6 19.Qb5 Qe7 20.Rad1 a6 21.Qb6 
Rac8 22.b3 Red8 23.Nf3 d5 24.Nd4 Nxd4 25.Qxd4 Rd7 26.Bf3 g6 27.h4 Qc5 28.
Qf6 Qc3 29.Rd4 h5 30.Qg5 Kh7 31.Rf4 Qg7 32.Rfd4 Rcd8 33.Kh2 f5 34.Qf4 Bf7 
35.Rc1 Qh6 36.e3 Qxf4 37.gxf4 Kg7 38.a4 Kf6 39.Rb4 d4 40.Rb6+ Kg7 41.exd4 
1/2-1/2

[Event "Interzonal"]
[Site "Rio de Janeiro BRA"]
[Date "1979.09.28"]
[Round "5"]
[White "Petrosian, Tigran"]
[Black "Garcia Gonzales, Guillermo"]
[Result "1-0"]
[WhiteElo "2610"]
[BlackElo "2490"]
[EventDate "1979.09.23"]
[PlyCount "135"]

1.d4 Nf6 2.c4 c5 3.d5 d6 4.Nc3 g6 5.e4 Bg7 6.Nf3 O-O 7.Be2 e6 8.O-O Re8 9.
Nd2 Na6 10.dxe6 Bxe6 11.Nb3 Qb6 12.Bg5 Qc6 13.Nd2 Nd7 14.f4 Bxc3 15.bxc3 
f6 16.Bh4 Bf7 17.Bg4 Rad8 18.Qf3 Nab8 19.a4 a5 20.Qd3 Kg7 21.Rfb1 b6 22.
Bf3 Qc7 23.Nf1 Nc6 24.Ne3 Ne7 25.Rd1 Nf8 26.Bg3 Qa7 27.Rd2 Ne6 28.Rad1 g5 
29.fxg5 Nxg5 30.Qf1 Bg6 31.e5 Ng8 32.Bc6 Ne4 33.Bxe4 Bxe4 34.exf6+ Nxf6 
35.Bh4 Rf8 36.Rf2 Qe7 37.Re1 Qe5 38.Rf4 Nh5 39.Rg4+ Bg6 40.Nf5+ Rxf5 41.
Qd3 Nf4 42.Rxe5 Nxd3 43.Rxf5 Rf8 44.Rxf8 Kxf8 45.Bd8 Nb2 46.Bxb6 Nxa4 47.
Bxa5 Ke7 48.h4 Nb2 49.h5 Bxh5 50.Rg7+ Bf7 51.Bd8+ Ke8 52.Rxh7 Nxc4 53.Rh8+
Kd7 54.Bh4 Ne3 55.Bg3 Nf5 56.Rh3 Ke6 57.Bf4 Ne7 58.Kf2 Nd5 59.Bh2 Bg6 60.
Ke2 c4 61.Kd2 Be4 62.Rh6+ Kf5 63.Rh5+ Kg4 64.Rh8 Bxg2 65.Rg8+ Kf3 66.Bxd6 
Bf1 67.Rf8+ Kg2 68.Rf5 1-0

[Event "Interzonal"]
[Site "Rio de Janeiro BRA"]
[Date "1979.10.08"]
[Round "12"]
[White "Balashov, Yury"]
[Black "Velimirovic, Dragoljub"]
[Result "1/2-1/2"]
[WhiteElo "2600"]
[BlackElo "2515"]
[EventDate "1979.09.23"]
[PlyCount "142"]

1.d4 c5 2.d5 d6 3.Nc3 g6 4.e4 Bg7 5.Be2 Na6 6.Nf3 Nf6 7.Nd2 Nc7 8.a4 a6 9.
O-O Bd7 10.Nc4 b5 11.Nb6 b4 12.e5 dxe5 13.d6 Ne6 14.Ncd5 Nxd5 15.Qxd5 Ra7 
16.a5 O-O 17.c3 bxc3 18.bxc3 exd6 19.Rd1 Bb5 20.Bg4 Qe7 21.Bxe6 fxe6 22.
Qxd6 e4 23.Ra3 Bd4 24.Rxd4 cxd4 25.Qxe7 Rxe7 26.cxd4 Rc7 27.Be3 Rc2 28.h3 
Rf7 29.d5 exd5 30.Nxd5 Kf8 31.Nb4 Rc4 32.Nd5 Bc6 33.Nb6 Rc2 34.Ra1 Rf5 35.
Ra3 Bb5 36.Na4 Rd5 37.Nc3 Rd3 38.Nxb5 axb5 39.Ra1 Rc8 40.a6 Ra8 41.a7 Rd7 
42.Kf1 Rb7 43.Ke2 b4 44.Bd4 Kf7 45.Ke3 b3 46.Kxe4 Rb4 47.Kd3 Rd8 48.a8=Q 
Rbxd4+ 49.Kc3 Rd3+ 50.Kb2 Rxa8 51.Rxa8 Rd2+ 52.Kxb3 Rxf2 53.Ra7+ Kg8 54.g4
Rf3+ 55.Kc4 Rxh3 56.Kd5 Rg3 57.Ra4 Kg7 58.Ke5 Rf3 59.Ke4 Rf1 60.Ra6 g5 61.
Ke5 Rf7 62.Rb6 Ra7 63.Ke4 Ra4+ 64.Kf3 Rf4+ 65.Kg3 Rf6 66.Rb7+ Kg6 67.Ra7 
Rb6 68.Kf3 h6 69.Kg3 Kf6 70.Ra5 Ke6 71.Kg2 Rd6 1/2-1/2

[Event "Interzonal"]
[Site "Rio de Janeiro BRA"]
[Date "1979.10.08"]
[Round "12"]
[White "Garcia Gonzales, Guillermo"]
[Black "Shamkovich, Leonid"]
[Result "0-1"]
[WhiteElo "2490"]
[BlackElo "2495"]
[EventDate "1979.09.23"]
[PlyCount "56"]

1.c4 Nf6 2.Nc3 e6 3.e4 d5 4.e5 Ne4 5.Nxe4 dxe4 6.Qg4 Bd7 7.Qxe4 Bc6 8.Qe2 
Bc5 9.d3 Na6 10.Be3 Bb4+ 11.Bd2 Qd4 12.Bxb4 Nxb4 13.h4 O-O-O 14.Rh3 Ba4 
15.Rc1 Nxa2 16.Ra1 Bb3 17.Nf3 Qb6 18.Nd2 Rd4 19.Re3 Rhd8 20.c5 Qb4 21.Re4 
Bd5 22.Rxd4 Qxd4 23.Nf3 Qxc5 24.d4 Qb6 25.Qb5 Qxb5 26.Bxb5 a6 27.Be2 Nb4 
28.Kd2 Nc6 0-1

[Event "Interzonal"]
[Site "Rio de Janeiro BRA"]
[Date "1979.10.10"]
[Round "13"]
[White "Huebner, Robert"]
[Black "Timman, Jan"]
[Result "1/2-1/2"]
[WhiteElo "2595"]
[BlackElo "2625"]
[EventDate "1979.09.23"]
[PlyCount "80"]

1.Nf3 c5 2.c4 Nf6 3.Nc3 Nc6 4.d4 cxd4 5.Nxd4 e6 6.g3 Bc5 7.Nb3 Bb4 8.Bg2 
d5 9.O-O dxc4 10.Nd2 O-O 11.Nxc4 Qe7 12.Bd2 Rd8 13.Qc1 Nd4 14.Re1 e5 15.e3
Nc6 16.Bxc6 bxc6 17.a3 Qe6 18.axb4 Qxc4 19.e4 h6 20.Ra5 Be6 21.Kg2 Rd3 22.
Na4 Qxc1 23.Bxc1 Nd7 24.Be3 Rb8 25.Nc5 Nxc5 26.Bxc5 Bg4 27.Rxa7 Bf3+ 28.
Kh3 h5 29.Ra3 Rbd8 30.Re3 Rxe3 31.Bxe3 Bxe4 32.f4 exf4 33.gxf4 Kh7 34.Kh4 
Kg6 35.Ra5 f6 36.Rc5 Re8 37.Kg3 Bd5 38.Kf2 Rb8 39.b5 Rxb5 40.Rxb5 cxb5 
1/2-1/2

[Event "Interzonal"]
[Site "Rio de Janeiro BRA"]
[Date "1979.10.11"]
[Round "14"]
[White "Harandi, Khosro"]
[Black "Shamkovich, Leonid"]
[Result "1-0"]
[WhiteElo "2410"]
[BlackElo "2495"]
[EventDate "1979.09.23"]
[PlyCount "88"]

1.e4 c5 2.Nf3 d6 3.d4 cxd4 4.Nxd4 Nf6 5.Nc3 e6 6.Be3 a6 7.f4 Qc7 8.Qf3 b5 
9.Bd3 Bb7 10.a3 Nbd7 11.g4 Nb6 12.g5 Nfd7 13.Qh3 e5 14.Nde2 Be7 15.O-O 
exf4 16.Bxf4 Ne5 17.Rf2 O-O 18.Qg3 Rac8 19.b3 Nxd3 20.cxd3 Qd7 21.Be3 Bd8 
22.Bd4 Qe6 23.Rb1 Nd7 24.Nf4 Qe7 25.Ncd5 Qxg5 26.Qxg5 Bxg5 27.Rg2 f6 28.
Ne7+ Kf7 29.Nxc8 Bxf4 30.Rf1 g5 31.Rxf4 Rxc8 32.Rxg5 Rc1+ 33.Kf2 Rc2+ 34.
Ke3 Rxh2 35.Rgf5 Rh6 36.Rf2 Ke6 37.Rc2 Ne5 38.Bxe5 dxe5 39.Rc7 Bd5 40.Rf1 
Kd6 41.Ra7 Bc6 42.Rc1 Rh3+ 43.Kd2 Rh2+ 44.Kc3 a5 1-0

[Event "Interzonal"]
[Site "Rio de Janeiro BRA"]
[Date "1979.10.20"]
[Round "19"]
[White "Ivkov, Borislav"]
[Black "Petrosian, Tigran"]
[Result "0-1"]
[WhiteElo "2525"]
[BlackElo "2610"]
[EventDate "1979.09.23"]
[PlyCount "84"]

1.d4 Nf6 2.c4 g6 3.Nc3 Bg7 4.e4 d6 5.f3 O-O 6.Be3 c6 7.Qd2 a6 8.a4 e5 9.
dxe5 dxe5 10.Qxd8 Rxd8 11.a5 Be6 12.Na4 Nbd7 13.b4 Bf8 14.c5 Ne8 15.Nb6 
Nxb6 16.axb6 Nf6 17.Nh3 a5 18.Rxa5 Rxa5 19.bxa5 Nd7 20.Ng5 Bb3 21.Kd2 h6 
22.Kc3 Ba2 23.Kb2 Ra8 24.a6 hxg5 25.axb7 Rb8 26.Kxa2 Bxc5 27.Bxc5 Nxc5 28.
Be2 Rxb7 29.Rc1 Nd7 30.Rxc6 Nxb6 31.Ba6 Rb8 32.Kb1 Nd5+ 33.Kc1 Nf4 34.g3 
Ne6 35.Bc4 Nd4 36.Rc7 Rf8 37.f4 gxf4 38.gxf4 exf4 39.Kd2 Nf3+ 40.Ke2 Ne5 
41.Rc5 Re8 42.Bb5 Re7 0-1